| 000 | 00522nam a2200169 4500 | ||
|---|---|---|---|
| 001 | 122164 | ||
| 003 | ES-MaACL | ||
| 005 | 20230906191925.0 | ||
| 007 | t| | ||
| 008 | 070214s1970 sp r ||||1| spa d | ||
| 100 | 1 |
_aPouillon, Fernand. _993429 |
|
| 245 | 1 | 0 |
_aMemorias de un arquitecto / _cFernand Pouillon ; traducción de Mª Teresa Concheiro. |
| 260 |
_aMadrid : _bIbérico Europea de Ed., _c1970. |
||
| 300 |
_a519 p. ; _c22 cm. |
||
| 700 | 1 |
_aConcheiro, Mª Teresa. _940080 |
|
| 852 |
_aES-MaACL _jC-38640 _bR.73006 |
||
| 999 |
_c122164 _d122164 |
||